000 00464nam a2200181 i 4500
001 35816
003 ES-MaACL
007 t|
008 030214s1916 fr ||||1| fre d
100 1 _aBoulenger, Marcel.
_930915
245 1 0 _aSur un tambour /
_cMarcel Boulenger.
260 _aParis :
_bGeorges Cres et Cie,
_c1916.
300 _a162 p. ;
_c15 cm.
490 1 _aBellum
830 0 _aBellum
_9181605
852 _aES-MaACL
_jG-2030
999 _c35816
_d35816